Cypress bark scale /
Saved in:
| Main Author: | |
|---|---|
| Corporate Author: | |
| Format: | Book |
| Language: | English |
| Published: |
Washington, D.C. :
U.S. Dept. of Agriculture,
1920.
|
| Series: | Bulletin of the U.S. Department of Agriculture ;
no. 838. |
| Subjects: | |
| Tags: |
Add Tag
No Tags, Be the first to tag this record!
|
| LEADER | 01139cam a2200301Ia 4500 | ||
|---|---|---|---|
| 001 | 005144583-2 | ||
| 005 | 20020606095253.2 | ||
| 008 | 870901s1920 dcuabf f000 0 eng d | ||
| 035 | 0 | |a ocm16627655 | |
| 040 | |a RQF |c RQF |d AGL |d HMZ | ||
| 043 | |a n-us-ca | ||
| 050 | 1 | 4 | |a SD121 |b .U3 no.838 |
| 072 | |a F821 |a K001 | ||
| 100 | 1 | |a Herbert, F. B. |q (Frank Barnes), |d 1890- | |
| 245 | 1 | 0 | |a Cypress bark scale / |c F.B. Herbert. |
| 260 | |a Washington, D.C. : |b U.S. Dept. of Agriculture, |c 1920. | ||
| 300 | |a 22 p., 6 p. of plates : |b ill., 1 map ; |c 24 cm. | ||
| 490 | 1 | |a Bulletin / United States Department of Agriculture ; |v no. 838 | |
| 500 | |a Caption title. | ||
| 500 | |a "June 5, 1920." | ||
| 500 | |a "Professional paper." | ||
| 650 | 0 | |a Cypress |x Diseases and pests |z California. | |
| 650 | 0 | |a Scale insects |z California. | |
| 710 | 1 | |a United States. |b Department of Agriculture. | |
| 776 | 0 | 8 | |i Online version: |a Herbert, F.B. (Frank Barnes), 1890- |t Cypress bark scale. |d Washington, D.C. : U.S. Dept. of Agriculture, 1920 |w (OCoLC)755279118 |
| 830 | 0 | |a Bulletin of the U.S. Department of Agriculture ; |v no. 838. | |
| 988 | |a 20020608 | ||
| 906 | |0 OCLC | ||


